000 00910nam a2200217 a 4500
008 120416s1986 ||||||||||||||||| || u
020 _a0805000844
050 _aE 160 Zas
100 _aZaslowsky, Dyan
245 1 0 _aThese American lands: parks, wilderness, and the public lands
250 _a1st ed
260 _aNew York:
_bHenry Holt & Co
_c1986
300 _aix, 404p. : ill.
350 _a0.00
500 _a"Portions of this book first appeared in Wilderness magazine"--T.p. verso. -Includes index. -Bibliography: p. 383-388.
650 _aPUBLIC LANDS--UNITED STATES--HISTORY
650 _aWILDERNESS AREAS--UNITED STATES--HISTORY
650 _aNATIONAL PARKS AND RESERVES--UNITED STATES--HISTORY
710 _aWilderness Society (U.S.)
995 _D0.00
_FCBU-MAIN LIBRARY (Kitwe)
_H1
_I22.95
_UAVAILABLE
_ZMain Library Open Access Collection
999 _c59828
_d59828